[Event "St Petersburg vs. Moscow"]
[Site "St Petersburg RUS"]
[Date "2003.05.03"]
[Round "1"]
[White "Svidler,P"]
[Black "Najer,E"]
[Result "1/2-1/2"]
[WhiteElo "2713"]
[BlackElo "2606"]
[EventDate "2003.05.03"]

1. e4 c5 2. Nf3 d6 3. c3 Nf6 4. Bd3 Nc6 5. h3 e5 6. O-O Be7 7. Re1 O-O 8.
Bb5 Bd7 9. Na3 Re8 10. d3 h6 11. Nc2 a6 12. Bxc6 Bxc6 13. c4 1/2-1/2

[Event "St Petersburg vs. Moscow"]
[Site "St Petersburg RUS"]
[Date "2003.05.03"]
[Round "1"]
[White "Korotylev,A"]
[Black "Popov,Val"]
[Result "1/2-1/2"]
[WhiteElo "2554"]
[BlackElo "2570"]
[EventDate "2003.05.03"]

1. d4 d5 2. c4 c6 3. Nc3 Nf6 4. e3 a6 5. Bd3 dxc4 6. Bxc4 b5 7. Be2 e6 8.
Bf3 Ra7 9. a4 b4 10. Ne4 Nxe4 11. Bxe4 c5 12. Nf3 Bb7 13. Bxb7 Rxb7 14. O-O
cxd4 1/2-1/2

[Event "St Petersburg vs. Moscow"]
[Site "St Petersburg RUS"]
[Date "2003.05.03"]
[Round "1"]
[White "Vorobiov,E"]
[Black "Ivanov,Se"]
[Result "0-1"]
[WhiteElo "2534"]
[BlackElo "2557"]
[EventDate "2003.05.03"]

1. e4 e6 2. d3 d5 3. Nd2 c5 4. g3 Bd6 5. Qg4 g6 6. Qe2 Nc6 7. Ngf3 Nge7 8.
h4 Qc7 9. Nb3 e5 10. h5 Bg4 11. hxg6 fxg6 12. exd5 Nxd5 13. Bh3 Bxh3 14.
Rxh3 Qd7 15. Rh4 O-O-O 16. Bh6 Nd4 17. Nfxd4 exd4 18. O-O-O Rhe8 19. Qf3
Re5 20. Re4 Rf5 21. Qe2 Nf6 22. g4 Rd5 23. Re6 Nxg4 24. Qxg4 Re5 25. Nxc5
Bxc5 26. Rxe5 Qxg4 27. Rxc5+ Kb8 28. Re1 Qh4 29. Bg7 b6 0-1

[Event "St Petersburg vs. Moscow"]
[Site "St Petersburg RUS"]
[Date "2003.05.03"]
[Round "1"]
[White "Kosyrev,V"]
[Black "Loginov,Va"]
[Result "1/2-1/2"]
[WhiteElo "2530"]
[BlackElo "2540"]
[EventDate "2003.05.03"]

1. d4 Nf6 2. c4 e6 3. Nf3 b6 4. e3 Bb7 5. Bd3 d5 6. O-O Nbd7 7. b3 Bd6 8.
Bb2 O-O 9. Nc3 c5 10. Qe2 cxd4 11. exd4 Bf4 12. Rfd1 a6 13. a4 Re8 14. g3
e5 15. dxe5 Bxe5 16. Nxe5 Rxe5 17. Qf3 dxc4 18. Qxb7 cxd3 19. Rxd3 Qe8 20.
Rad1 1/2-1/2

[Event "St Petersburg vs. Moscow"]
[Site "St Petersburg RUS"]
[Date "2003.05.03"]
[Round "1"]
[White "Aseev,K"]
[Black "Deviatkin,A"]
[Result "0-1"]
[WhiteElo "2539"]
[BlackElo "2526"]
[EventDate "2003.05.03"]

1. d4 d5 2. c4 c6 3. Nf3 Nf6 4. Nc3 dxc4 5. a4 Bf5 6. e3 e6 7. Bxc4 Bb4 8.
O-O Nbd7 9. Nh4 O-O 10. f3 Bg6 11. Nxg6 hxg6 12. e4 e5 13. Be3 Qe7 14. Ne2
Rfd8 15. Qb3 exd4 16. Nxd4 Ne5 17. Rfd1 Bc5 18. Be2 Rd7 19. Kh1 Rad8 20.
Qc3 b6 21. a5 Qf8 22. axb6 axb6 23. Nc2 Rxd1+ 24. Rxd1 Rxd1+ 25. Bxd1 Bxe3
26. Nxe3 Qd6 27. Be2 g5 28. Nf5 Qe6 29. Qd2 g4 30. Qd8+ Kh7 31. Qxb6 Qa2
32. Kg1 Qb1+ 33. Kf2 gxf3 34. gxf3 Qh1 35. Qc7 Qxh2+ 36. Kf1 Qh1+ 37. Kf2
Qh2+ 38. Kf1 Nxf3 39. Qxh2+ Nxh2+ 40. Kf2 Nhg4+ 41. Kg3 Ne5 42. Kf4 Nfd7
43. b4 Kg6 44. b5 Kf6 45. bxc6 Nxc6 46. Bb5 Nde5 47. Bxc6 Nxc6 48. Ne3 Ne7
49. Ng4+ Ke6 50. Kg5 Nc8 51. Kf4 Nd6 52. Nh2 Nc4 53. Nf3 f6 54. Nd4+ Kf7
55. Nf3 Kg6 56. Nh4+ Kh5 57. Nf5 g6 58. Ng7+ Kh4 59. Nf5+ Kh3 60. Ne7 g5+
61. Kf5 g4 62. Nd5 Nd6+ 63. Kxf6 Nxe4+ 64. Kf5 Ng3+ 65. Kg5 Ne2 66. Ne3 g3
67. Kh5 Nf4+ 0-1

[Event "St Petersburg vs. Moscow"]
[Site "St Petersburg RUS"]
[Date "2003.05.03"]
[Round "1"]
[White "Klimov,S"]
[Black "Nikolenko,O"]
[Result "1-0"]
[WhiteElo "2507"]
[BlackElo "2521"]
[EventDate "2003.05.03"]

1. d4 Nf6 2. c4 e6 3. Nc3 Bb4 4. e3 c5 5. Bd3 Nc6 6. Nf3 Bxc3+ 7. bxc3 d6
8. O-O O-O 9. Nd2 e5 10. Rb1 b6 11. h3 Re8 12. Qc2 Qe7 13. d5 Na5 14. e4
Nh5 15. Re1 Nf4 16. Bf1 Rf8 17. Qd1 h6 18. Kh2 f5 19. g3 Ng6 20. exf5 Bxf5
21. Rb2 Rf7 22. f4 Raf8 23. g4 Bc8 24. f5 Nh4 25. Ne4 Ba6 26. Rf2 Bxc4 27.
Bxc4 Nxc4 28. Qd3 b5 29. Ref1 g5 30. Kg3 Qd7 31. Bxg5 hxg5 32. Nxg5 Nxf5+
33. gxf5 Rg7 34. h4 e4 35. Qxe4 Re8 36. Qf4 Ne3 37. f6 Nxf1+ 38. Rxf1 Rf8
39. Qe4 Re8 40. Qf3 Rf8 41. Qh5 Rgf7 42. Qg6+ Kh8 43. Rf5 1-0

[Event "St Petersburg vs. Moscow"]
[Site "St Petersburg RUS"]
[Date "2003.05.03"]
[Round "1"]
[White "Novikov,S"]
[Black "Sivokho,S"]
[Result "1/2-1/2"]
[WhiteElo "2503"]
[BlackElo "2494"]
[EventDate "2003.05.03"]

1. Nf3 c5 2. g3 Nc6 3. Bg2 g6 4. O-O Bg7 5. c4 e6 6. Nc3 Nge7 7. e3 Nf5 8.
Ne4 d6 9. d4 cxd4 10. Nxd4 Ncxd4 11. exd4 O-O 12. Bf4 h6 13. d5 e5 14. Bd2
Qc7 15. Rc1 b6 16. b4 Bb7 17. f4 Rad8 18. Kh1 Qe7 19. Qe1 Rfe8 20. g4 Nh4
21. f5 Nxg2 22. Kxg2 Qd7 23. Bxh6 f6 24. Bxg7 Kxg7 25. g5 gxf5 26. Nxf6 Qc8
27. h4 Rf8 28. h5 Kh8 29. Kh2 f4 30. Qe4 Rxf6 31. gxf6 Qg4 32. Qf3 Qh4+ 33.
Qh3 Qxf6 34. Qe6 Qh4+ 35. Qh3 Qf6 36. Qe6 Qh4+ 1/2-1/2

[Event "St Petersburg vs. Moscow"]
[Site "St Petersburg RUS"]
[Date "2003.05.03"]
[Round "1"]
[White "Lanin,A"]
[Black "Sambuev,B"]
[Result "1/2-1/2"]
[WhiteElo "2259"]
[BlackElo "2484"]
[EventDate "2003.05.03"]

1. e4 e6 2. d4 d5 3. Nc3 Bb4 4. e5 c5 5. a3 Ba5 6. b4 cxd4 7. Nb5 Bc7 8. f4
Ne7 9. Nf3 Bd7 10. Nxc7+ Qxc7 11. Bd3 a6 12. O-O Bb5 13. Nxd4 Bxd3 14. cxd3
Nbc6 15. Be3 O-O 16. Nxc6 Nxc6 17. Bc5 Rfc8 18. Qd2 a5 19. Qf2 axb4 20.
axb4 d4 21. Bd6 Qd7 22. Rxa8 Rxa8 23. b5 Na7 24. Ra1 Rc8 25. Qxd4 Nxb5 26.
Qb6 h6 27. Rb1 Nc3 28. Qxb7 Qxb7 29. Rxb7 Ne2+ 30. Kf2 Nxf4 31. g3 Rc2+ 32.
Kf3 Nh3 33. g4 Ng5+ 34. Kg3 Rc3 35. Rb8+ Kh7 36. Rf8 Rxd3+ 37. Kg2 Rd2+ 38.
Kg3 Kg6 39. h4 Ne4+ 40. Kf4 Nxd6 41. h5+ Kh7 42. exd6 g5+ 43. hxg6+ Kxg6
44. Rd8 Kf6 45. Rh8 Rd4+ 46. Kf3 Ke5 47. Rxh6 Rxd6 48. Ke3 Rd5 49. g5 Rd7
50. Rf6 Ra7 51. Ke2 Kd5 52. g6 fxg6 53. Rxg6 Ra4 54. Rg5+ e5 55. Rg8 Kd4
56. Rg4+ e4 57. Rg3 Ra2+ 58. Ke1 1/2-1/2

[Event "St Petersburg vs. Moscow"]
[Site "St Petersburg RUS"]
[Date "2003.05.03"]
[Round "1"]
[White "Grachev,B"]
[Black "Martynov,P"]
[Result "1-0"]
[WhiteElo "2483"]
[BlackElo "2438"]
[EventDate "2003.05.03"]

1. d4 Nf6 2. c4 c5 3. d5 b5 4. Nd2 Qa5 5. Qc2 bxc4 6. e4 Ba6 7. Bxc4 Bxc4
8. Qxc4 d6 9. b3 g6 10. Bb2 Bg7 11. Bc3 Qa6 12. f4 O-O 13. Ngf3 Qxc4 14.
bxc4 Nbd7 15. O-O Nh5 16. Bxg7 Kxg7 17. g3 Rab8 18. Rab1 Nhf6 19. Rb3 Rb6
20. e5 dxe5 21. fxe5 Ng4 22. Re1 Rfb8 23. h3 Nh6 24. g4 Ra6 25. Rxb8 Nxb8
26. Rb1 Rb6 27. Rb5 Nd7 28. Ra5 Rb7 29. Nb3 Rc7 30. Kf2 g5 31. Ke3 Kg6 32.
Ra6+ Nb6 33. a4 f6 34. Nbd2 Nf7 35. a5 Na4 36. exf6 exf6 37. Ne4 Nb2 38.
Nfd2 Kg7 39. Rxf6 Ne5 40. Re6 Nexc4+ 41. Nxc4 Nxc4+ 42. Kd3 Nxa5 43. d6 c4+
44. Kc3 Rf7 45. Nxg5 Rb7 46. Re7+ Kg6 47. d7 Rb3+ 48. Kc2 Rd3 49. Ne4 Nb7
50. h4 h5 51. Re6+ Kg7 52. gxh5 Rxd7 53. h6+ Kf8 54. Ng5 Rd4 55. Rf6+ Ke8
56. h7 Rxh4 57. Rf7 Nd6 58. Rg7 Nf7 59. Rxf7 1-0

[Event "St Petersburg vs. Moscow"]
[Site "St Petersburg RUS"]
[Date "2003.05.03"]
[Round "1"]
[White "Anisimov,P"]
[Black "Prizant,Ja"]
[Result "1/2-1/2"]
[WhiteElo "2444"]
[BlackElo "2475"]
[EventDate "2003.05.03"]

1. e4 e6 2. d4 d5 3. Nd2 c5 4. Ngf3 Nf6 5. exd5 exd5 6. Bb5+ Bd7 7. Bxd7+
Nbxd7 8. dxc5 Nxc5 9. O-O Be7 10. Nd4 Qd7 11. N2f3 O-O 12. Bf4 Rfe8 13. c3
Bf8 14. h3 a6 15. Qc2 b5 16. Rad1 Rac8 17. Qb1 1/2-1/2

[Event "St Petersburg vs. Moscow"]
[Site "St Petersburg RUS"]
[Date "2003.05.03"]
[Round "1"]
[White "Mukhametov,E"]
[Black "Vitiugov,N"]
[Result "1/2-1/2"]
[WhiteElo "2475"]
[BlackElo "2447"]
[EventDate "2003.05.03"]

1. e4 c5 2. c3 d5 3. exd5 Qxd5 4. d4 Nf6 5. Nf3 e6 6. Be3 Nbd7 7. Be2 b6 8.
Na3 a6 9. Nc4 b5 10. Nce5 Bb7 11. c4 bxc4 12. Bxc4 Qd6 13. O-O cxd4 14.
Bxd4 Be7 15. Nxf7 Kxf7 16. Ng5+ Ke8 17. Nxe6 Rg8 18. Rc1 Rc8 19. Re1 Bxg2
20. Bxf6 Qxd1 21. Rexd1 gxf6 22. Nc7+ Rxc7 23. Bxg8 Rxc1 24. Rxc1 Be4 25.
Bc4 a5 26. Bb5 Kd8 27. Rd1 Bf5 28. Bd3 Bg4 29. Rc1 h5 30. Kg2 Ne5 31. Be4
Be6 32. b3 Bd6 33. h3 f5 34. Rd1 Ke7 35. Bd5 Bd7 36. Bb7 Ng6 37. Re1+ Kf6
38. Rd1 Ke7 39. Re1+ Kd8 40. Rd1 Kc7 41. Kg1 Nf4 42. Bg2 Ne2+ 43. Kh1 Bc5
44. Bf3 Nf4 45. Rd2 Nxh3 46. Kg2 Nxf2 47. Bxh5 Ne4 48. Rc2 Kd6 49. Bf3 Be6
50. Rc1 Ng5 51. Ba8 f4 52. Rd1+ Ke5 53. Rd8 Be3 54. Rh8 Kf5 55. Bb7 Kg4 56.
Re8 Bd4 57. Bc6 Kh4 58. Rf8 Bh3+ 59. Kh2 Be5 60. Kg1 Bg4 61. Kg2 Be6 62.
Re8 Bd4 1/2-1/2

[Event "St Petersburg vs. Moscow"]
[Site "St Petersburg RUS"]
[Date "2003.05.03"]
[Round "1"]
[White "Lukin,A"]
[Black "Gabrielian,A"]
[Result "0-1"]
[WhiteElo "2434"]
[BlackElo "2470"]
[EventDate "2003.05.03"]

1. e4 c5 2. Nf3 e6 3. d4 cxd4 4. Nxd4 Nf6 5. Nc3 d6 6. g4 Nc6 7. g5 Nd7 8.
Be3 Be7 9. h4 O-O 10. Be2 a6 11. a3 Qc7 12. f4 b5 13. Qd2 Bb7 14. O-O-O Nc5
15. Bf3 Na5 16. Kb1 Nc4 17. Qe1 Rab8 18. Bc1 Na4 19. Na2 e5 20. Nf5 exf4
21. b3 Ne5 22. Rf1 Nc5 23. Nc3 Rfc8 24. Nd5 Bxd5 25. Nxe7+ Qxe7 26. exd5
Qc7 27. Qd2 Nxf3 0-1

[Event "St Petersburg vs. Moscow"]
[Site "St Petersburg RUS"]
[Date "2003.05.03"]
[Round "1"]
[White "Kalinin,Al"]
[Black "Faibisovich,V"]
[Result "1/2-1/2"]
[WhiteElo "2466"]
[BlackElo "2421"]
[EventDate "2003.05.03"]

1. c4 e6 2. g3 Nf6 3. Bg2 d5 4. Nf3 Be7 5. O-O O-O 6. d4 b6 7. Nc3 Bb7 8.
cxd5 exd5 9. Bf4 Na6 10. Rc1 c5 11. Qa4 Ne4 12. Rfd1 Qe8 13. Qxe8 Rfxe8 14.
dxc5 Nxc3 15. Rxc3 Nxc5 16. Nd4 Bf6 17. Rc2 Bxd4 18. Rxd4 Ne6 19. Rd1 Rad8
20. Be5 Rd7 21. e3 f6 22. Bd4 Kf7 23. Bh3 Rc8 24. Rxc8 Bxc8 25. Bc3 Bb7 26.
Bg2 Ke7 27. h4 Nc5 28. Bd4 Ne6 29. Bc3 Nc5 30. b3 Ne4 31. Bb4+ Ke6 32. Bh3+
f5 33. Bf1 1/2-1/2

[Event "St Petersburg vs. Moscow"]
[Site "St Petersburg RUS"]
[Date "2003.05.03"]
[Round "1"]
[White "Praslov,A"]
[Black "Dragomarezkij,E"]
[Result "0-1"]
[WhiteElo "2417"]
[BlackElo "2454"]
[EventDate "2003.05.03"]

1. d4 Nf6 2. c4 e6 3. Nf3 b6 4. g3 Ba6 5. b3 Bb4+ 6. Bd2 Be7 7. Bg2 Bb7 8.
O-O O-O 9. Nc3 Na6 10. Bc1 d5 11. Ne5 c5 12. dxc5 bxc5 13. cxd5 exd5 14.
Nd3 Qd7 15. Bg5 Rfd8 16. Bxf6 Bxf6 17. Rc1 Bg5 18. Rb1 Rac8 19. h4 Bf6 20.
Na4 Ba8 21. Nf4 Qd6 22. e3 Bc6 23. Qe2 Nc7 24. Rfd1 Be5 25. Nxd5 Nxd5 26.
Bxd5 Bxd5 27. e4 Bd4 0-1

[Event "St Petersburg vs. Moscow"]
[Site "St Petersburg RUS"]
[Date "2003.05.03"]
[Round "1"]
[White "Shushpanov,V"]
[Black "Gavrilov,Al"]
[Result "0-1"]
[WhiteElo "2395"]
[BlackElo "2450"]
[EventDate "2003.05.03"]

1. Nf3 Nf6 2. c4 b6 3. d4 e6 4. Bf4 Bb7 5. e3 Be7 6. h3 O-O 7. Be2 d5 8.
O-O dxc4 9. Bxc4 Nbd7 10. Nc3 a6 11. a4 c5 12. Qe2 Nd5 13. Bxd5 exd5 14.
dxc5 bxc5 15. Rfd1 Nf6 16. Be5 Qd7 17. Rd3 Qf5 18. Rad1 Rad8 19. Qd2 Ne4
20. Nxe4 Qxe4 21. Qc3 f6 22. Bc7 Rd7 23. Bb6 Rc8 24. b3 h6 25. Qd2 f5 26.
Rc1 Rd6 27. a5 Rg6 28. Ne1 d4 29. f3 Qh4 30. Qf2 Qxh3 31. exd4 Bh4 32. Qe2
0-1

[Event "St Petersburg vs. Moscow"]
[Site "St Petersburg RUS"]
[Date "2003.05.03"]
[Round "1"]
[White "Ulko,J"]
[Black "Polyaninov,A"]
[Result "1/2-1/2"]
[WhiteElo "2446"]
[BlackElo "2398"]
[EventDate "2003.05.03"]

1. d4 Nf6 2. c4 g6 3. Nc3 Bg7 4. e4 O-O 5. Bd3 d6 6. Nge2 Nc6 7. O-O a6 8.
f3 Nd7 9. Be3 e5 10. d5 Nd4 11. Rc1 c5 12. dxc6 bxc6 13. Bb1 c5 14. Nd5 Nb6
15. Qd2 Nxd5 16. cxd5 Bd7 17. Bd3 Qb6 18. Rb1 1/2-1/2

[Event "St Petersburg vs. Moscow"]
[Site "St Petersburg RUS"]
[Date "2003.05.03"]
[Round "1"]
[White "Dvalishvili,P"]
[Black "Biriukov,O"]
[Result "0-1"]
[WhiteElo "2440"]
[BlackElo "2369"]
[EventDate "2003.05.03"]

1. Nf3 Nf6 2. g3 d5 3. Bg2 c6 4. d3 Bf5 5. Nbd2 e6 6. Nh4 Bg4 7. h3 Bh5 8.
f4 Be7 9. Ndf3 Nfd7 10. Be3 h6 11. Qd2 Na6 12. O-O-O Nac5 13. Kb1 a5 14.
Rdf1 Rg8 15. f5 e5 16. Qe1 f6 17. Ng6 Bxg6 18. fxg6 Ne6 19. h4 Bc5 20. Bh3
Bxe3 21. Bxe6 Rf8 22. Bf7+ Ke7 23. h5 Rxf7 24. gxf7 Kxf7 25. Nh4 Nc5 26.
Nf5 Bg5 27. Qc3 Ne6 28. e4 d4 29. Qb3 Qd7 30. a4 Kg8 31. c3 dxc3 32. bxc3
Kh7 33. Rd1 Nc5 34. Qc4 b6 35. Kc2 Rd8 36. g4 Qa7 37. d4 Nxe4 38. dxe5 Nd2
39. Qxc6 fxe5 40. Qg6+ Kh8 41. Nd6 Rxd6 42. Qxd6 Qf7 43. Qc6 Qa2+ 44. Kd3
e4+ 45. Kd4 Bf6+ 46. Ke3 Nc4+ 0-1

[Event "St Petersburg vs. Moscow"]
[Site "St Petersburg RUS"]
[Date "2003.05.03"]
[Round "1"]
[White "Mukhin,G"]
[Black "Shorokhov,A"]
[Result "1/2-1/2"]
[WhiteElo "2361"]
[BlackElo "2430"]
[EventDate "2003.05.03"]

1. d4 Nf6 2. c4 g6 3. Nc3 Bg7 4. e4 O-O 5. Nf3 d6 6. h3 e5 7. dxe5 dxe5 8.
Qxd8 Rxd8 9. Bg5 c6 10. Nxe5 Re8 11. O-O-O Na6 12. Nf3 Nc5 13. Nd2 h6 14.
Be3 Ncxe4 15. Ndxe4 Nxe4 16. Nxe4 Rxe4 17. Rd8+ Kh7 18. Bd3 Re6 19. Bc2 Bf6
20. Rd2 Re8 21. h4 h5 22. Bd4 Bxd4 23. Rxd4 Be6 24. b3 1/2-1/2

[Event "St Petersburg vs. Moscow"]
[Site "St Petersburg RUS"]
[Date "2003.05.03"]
[Round "1"]
[White "Kiselev,S"]
[Black "Turikov,V"]
[Result "1/2-1/2"]
[WhiteElo "2421"]
[BlackElo "2370"]
[EventDate "2003.05.03"]

1. d4 b6 2. e4 Bb7 3. Bd3 e6 4. Nf3 c5 5. dxc5 Bxc5 6. O-O Ne7 7. Bf4 Ng6
8. Bg3 Nc6 9. Nc3 a6 10. Qd2 Nd4 11. Nxd4 Bxd4 12. Be2 Bc5 13. Na4 Be7 14.
Qe3 Rc8 15. c4 Rc6 16. Rad1 O-O 17. b3 e5 18. Bh5 b5 19. Bxg6 hxg6 20. Nc3
bxc4 21. Bxe5 cxb3 22. axb3 Bf6 23. Bxf6 Rxf6 24. Rd4 Re6 25. Qd3 Bc6 26.
Ra1 a5 27. h3 Qg5 28. Qd2 Qxd2 1/2-1/2

[Event "St Petersburg vs. Moscow"]
[Site "St Petersburg RUS"]
[Date "2003.05.03"]
[Round "1"]
[White "Smirnov,Ar"]
[Black "Vulfson,V"]
[Result "0-1"]
[WhiteElo "2368"]
[BlackElo "2417"]
[EventDate "2003.05.03"]

1. d4 d5 2. c4 e6 3. Nc3 Be7 4. cxd5 exd5 5. Bf4 c6 6. e3 Nf6 7. Bd3 Bg4 8.
Nge2 Bh5 9. f3 Bg6 10. e4 dxe4 11. fxe4 O-O 12. O-O Na6 13. Kh1 Rc8 14. Be3
c5 15. d5 c4 16. Bb1 Ng4 17. Bd4 Bd6 18. h3 Nc5 19. b4 cxb3 20. axb3 Re8
21. Ng1 Nf6 22. Bxf6 gxf6 23. Nf3 a6 24. Bd3 Bb8 25. Re1 Qc7 26. Rc1 Qg3
27. b4 Nd7 28. Ne2 Rxc1 29. Qxc1 Qd6 30. Qb1 Ne5 31. Ned4 Nxd3 32. Qxd3 Qf4
33. Qd2 Qxd2 34. Nxd2 Bf4 35. N4f3 Bd6 36. b5 axb5 37. Rb1 b4 38. Nc4 Bc5
39. Nfd2 Bxe4 40. d6 Kf8 41. Nb3 b6 42. Ra1 Bd5 43. Nxc5 bxc5 44. Nb6 Be6
45. Rc1 Rb8 46. Na4 c4 47. Nc5 Ke8 0-1

[Event "St Petersburg vs. Moscow"]
[Site "St Petersburg RUS"]
[Date "2003.05.03"]
[Round "1"]
[White "Bukhman,E"]
[Black "Bebchuk,E"]
[Result "1/2-1/2"]
[WhiteElo "2371"]
[BlackElo "2310"]
[EventDate "2003.05.03"]

1. Nf3 d6 2. g3 e5 3. Bg2 f5 4. O-O Nf6 5. c4 Nc6 6. Nc3 g6 7. d4 e4 8. Ne1
Bg7 9. f3 exf3 10. exf3 O-O 11. d5 Ne5 12. b3 Nfd7 13. Qc2 a5 14. Be3 Nc5
15. Rc1 Bd7 16. h3 Re8 17. Qd2 Qe7 18. Bg5 Qf8 19. Be3 Qe7 20. Bg5 Qf8
1/2-1/2

[Event "St Petersburg vs. Moscow"]
[Site "St Petersburg RUS"]
[Date "2003.05.03"]
[Round "1"]
[White "Gruzmann,B"]
[Black "Khavsky,S"]
[Result "1/2-1/2"]
[WhiteElo "2316"]
[BlackElo "2327"]
[EventDate "2003.05.03"]

1. e4 e5 2. Nf3 Nc6 3. Bb5 a6 4. Ba4 Nf6 5. O-O Nxe4 6. d4 b5 7. Bb3 d5 8.
dxe5 Be6 9. Be3 Be7 10. c3 O-O 11. Nbd2 Nc5 12. Bc2 Qd7 13. Qb1 h6 14. Re1
Na4 15. Nb3 b4 16. Nbd4 Nxd4 17. cxd4 Rac8 18. Rc1 1/2-1/2

[Event "St Petersburg vs. Moscow"]
[Site "St Petersburg RUS"]
[Date "2003.05.03"]
[Round "1"]
[White "Bystryakova,E"]
[Black "Manakova,M"]
[Result "1/2-1/2"]
[WhiteElo "2197"]
[BlackElo "2365"]
[EventDate "2003.05.03"]

1. d4 d5 2. c4 e6 3. Nf3 c6 4. Qc2 Nf6 5. Nbd2 Nbd7 6. g3 Bd6 7. Bg2 O-O 8.
O-O c5 9. cxd5 exd5 10. dxc5 Nxc5 11. b3 Re8 12. Nd4 Bg4 13. N2f3 Rc8 14.
Qb2 Nce4 15. Be3 Qa5 16. a3 Bd7 17. b4 Qa4 18. Nb3 b6 19. Bd4 Bb5 20. Rfe1
Be7 21. Ne5 Nd6 22. Nd3 Bc4 23. Nd2 Nb5 24. Be5 a5 25. Bh3 Rcd8 26. Reb1
Bxd3 27. exd3 d4 28. Bxf6 Bxf6 29. Nc4 Nc3 30. Re1 Rxe1+ 31. Rxe1 axb4 32.
Qxb4 Qxb4 33. axb4 b5 34. Nd6 g6 35. Ne4 Bg7 36. Nc5 Bf8 37. Ra1 Nd5 38.
Rb1 Be7 39. Bg2 Nc3 40. Ra1 Rc8 41. Nb3 Bxb4 42. Nxd4 Bf8 43. Ra8 Rc7 44.
Rb8 Rd7 1/2-1/2

[Event "St Petersburg vs. Moscow"]
[Site "St Petersburg RUS"]
[Date "2003.05.03"]
[Round "1"]
[White "Zaitseva,L"]
[Black "Sudakova,I"]
[Result "1/2-1/2"]
[WhiteElo "2335"]
[BlackElo "2277"]
[EventDate "2003.05.03"]

1. d4 d5 2. Bf4 Nf6 3. e3 e6 4. Nd2 c5 5. c3 Nc6 6. Bd3 Bd6 7. Bxd6 Qxd6 8.
f4 Rb8 9. Nh3 b5 10. a3 b4 11. axb4 cxb4 12. O-O bxc3 13. bxc3 O-O 14. e4
dxe4 15. Nxe4 Nxe4 16. Bxe4 h6 17. Qf3 Bd7 18. Ra6 Rb6 19. Rxb6 axb6 20. f5
exf5 21. Bxf5 Bxf5 22. Qxf5 Ne7 23. Qf2 b5 24. Nf4 Nd5 25. Nxd5 1/2-1/2

[Event "St Petersburg vs. Moscow"]
[Site "St Petersburg RUS"]
[Date "2003.05.03"]
[Round "1"]
[White "Malysheva,P"]
[Black "Umanskaya,I"]
[Result "1-0"]
[WhiteElo "2115"]
[BlackElo "2310"]
[EventDate "2003.05.03"]

1. e4 c5 2. Nf3 Nc6 3. c3 d5 4. exd5 Qxd5 5. d4 cxd4 6. cxd4 e5 7. Nc3 Bb4
8. Bd2 Bxc3 9. Bxc3 e4 10. Ne5 Nxe5 11. dxe5 Ne7 12. Qa4+ Bd7 13. Qb4 a5
14. Qd6 Qxd6 15. exd6 Nf5 16. Rd1 O-O 17. Bc4 b5 18. Bd5 Ra6 19. Be5 Re8
20. Bf4 e3 21. Rd3 g5 22. Bxg5 Rxd6 23. fxe3 Be6 24. Bxe6 Rdxe6 25. Ke2 Rg6
26. Bd8 Rxg2+ 27. Kf3 Nxe3 28. Rxe3 Rxe3+ 29. Kxe3 Rxb2 30. Be7 h6 31. Rg1+
Kh7 32. Bf6 Rb4 33. Rg7+ Kh8 34. Rg4+ Kh7 35. Rxb4 axb4 36. Ke4 Kg6 37. Ke5
Kh5 38. Kf5 1-0

[Event "St Petersburg vs. Moscow"]
[Site "St Petersburg RUS"]
[Date "2003.05.05"]
[Round "2"]
[White "Popov,Val"]
[Black "Korotylev,A"]
[Result "1/2-1/2"]
[WhiteElo "2570"]
[BlackElo "2554"]
[EventDate "2003.05.03"]

1. d4 d5 2. c4 c6 3. Nf3 Nf6 4. e3 Bf5 5. Nc3 e6 6. Nh4 Bg6 7. Qb3 Qc7 8.
Nxg6 hxg6 9. Bd2 Nbd7 10. h3 Be7 11. Rc1 Nb6 12. cxd5 Nbxd5 13. Nxd5 exd5
1/2-1/2

[Event "St Petersburg vs. Moscow"]
[Site "St Petersburg RUS"]
[Date "2003.05.05"]
[Round "2"]
[White "Ivanov,Se"]
[Black "Vorobiov,E"]
[Result "1-0"]
[WhiteElo "2557"]
[BlackElo "2534"]
[EventDate "2003.05.03"]

1. d4 d5 2. Nf3 e6 3. c4 dxc4 4. e3 Nf6 5. Bxc4 c5 6. O-O a6 7. Bb3 Nc6 8.
Nc3 cxd4 9. exd4 Be7 10. Re1 O-O 11. a3 Na5 12. Bc2 b5 13. d5 exd5 14. Bg5
Be6 15. Nd4 Qd7 16. f4 g6 17. f5 gxf5 18. Bxf5 Bxf5 19. Rxe7 Qxe7 20. Nxf5
Qe5 21. Qf3 Rae8 22. Rf1 Re6 23. Qh3 Ne4 24. Bf4 Qf6 25. Nxd5 Qxb2 26. Bh6
Rfe8 27. Qg4+ Rg6 28. Nde7+ Kh8 29. Qxe4 Rxe7 30. Nxe7 1-0

[Event "St Petersburg vs. Moscow"]
[Site "St Petersburg RUS"]
[Date "2003.05.05"]
[Round "2"]
[White "Deviatkin,A"]
[Black "Aseev,K"]
[Result "1-0"]
[WhiteElo "2526"]
[BlackElo "2539"]
[EventDate "2003.05.03"]

1. e4 c6 2. d4 d5 3. Nd2 dxe4 4. Nxe4 Nd7 5. Nf3 Ngf6 6. Ng3 c5 7. Bc4 e6
8. O-O Be7 9. dxc5 Nxc5 10. Qe2 a6 11. Ne5 b5 12. Nf5 exf5 13. Bxf7+ Kf8
14. Rd1 Qc7 15. Bf4 Qb7 16. Re1 Be6 17. Bxe6 Nxe6 18. Nd3 Nd4 19. Qd1 Rd8
20. c3 Nc6 21. Qf3 Qc8 22. a4 h6 23. axb5 axb5 24. Bg3 g5 25. Ne5 Nxe5 26.
Bxe5 Rh7 27. Bd4 Rf7 28. Re5 Ng8 29. Rxb5 Bd6 30. g3 Qe6 31. Rb6 Ne7 32.
Rd1 Nc8 33. Ra6 Rfd7 34. Raa1 f4 35. Re1 Qf7 36. g4 Ne7 37. Ra6 Bc7 38.
Rxh6 Ng6 39. Rh5 Rxd4 40. cxd4 1-0

[Event "St Petersburg vs. Moscow"]
[Site "St Petersburg RUS"]
[Date "2003.05.05"]
[Round "2"]
[White "Novik,M"]
[Black "Potkin,V"]
[Result "1/2-1/2"]
[WhiteElo "2527"]
[BlackElo "2522"]
[EventDate "2003.05.03"]

1. d4 d5 2. Bg5 c6 3. e3 h6 4. Bf4 Bf5 5. Nf3 e6 6. Bd3 Bxd3 7. Qxd3 Bd6 8.
Bxd6 Qxd6 9. O-O Nd7 10. c4 Ngf6 11. Nc3 O-O 12. e4 1/2-1/2

[Event "St Petersburg vs. Moscow"]
[Site "St Petersburg RUS"]
[Date "2003.05.05"]
[Round "2"]
[White "Nikolenko,O"]
[Black "Klimov,S"]
[Result "1/2-1/2"]
[WhiteElo "2521"]
[BlackElo "2507"]
[EventDate "2003.05.03"]

1. e4 c5 2. Nf3 e6 3. Nc3 d6 4. d4 cxd4 5. Qxd4 Nc6 6. Bb5 Bd7 7. Qd3 Nge7
8. Bf4 Nc8 9. O-O-O Be7 10. e5 d5 11. h4 a6 12. Bxc6 bxc6 13. Bg5 c5 14.
Kb1 Nb6 15. Bxe7 Qxe7 16. h5 h6 17. Rh4 1/2-1/2

[Event "St Petersburg vs. Moscow"]
[Site "St Petersburg RUS"]
[Date "2003.05.05"]
[Round "2"]
[White "Sivokho,S"]
[Black "Novikov,S"]
[Result "1/2-1/2"]
[WhiteElo "2494"]
[BlackElo "2503"]
[EventDate "2003.05.03"]

1. e4 c5 2. Nf3 Nc6 3. c3 Nf6 4. e5 Nd5 5. d4 cxd4 6. Bc4 e6 7. cxd4 d6 8.
Qe2 Be7 9. O-O b6 10. Nc3 Nxc3 11. bxc3 dxe5 12. dxe5 Bb7 13. Qe4 Qc7 14.
Re1 O-O 15. Bd3 g6 16. Qg4 Na5 17. Be4 Bxe4 18. Qxe4 Qc4 19. Qc2 Rac8 20.
Bh6 Rfd8 21. Re3 Bc5 22. Re2 Qd3 23. Rae1 Be7 24. Rd2 Qxc2 25. Rxc2 Rd3 26.
Re3 Rd1+ 27. Re1 Rxe1+ 28. Nxe1 Rc5 29. f4 Nc6 30. Kf2 f6 31. Nd3 Rc4 32.
Nb2 Re4 33. Kf3 Re1 34. Nd3 Rd1 35. Ke2 Rb1 36. exf6 Bxf6 37. Nf2 Rb5 38.
Ne4 Be7 39. Bg5 Bxg5 40. Nxg5 e5 41. Nh3 Rc5 42. Kd3 h6 43. Rf2 Kg7 44. g3
a6 45. Ng1 exf4 46. Rxf4 Rd5+ 47. Kc2 g5 48. Rf2 Kg6 49. g4 Ne5 50. h3 Ra5
51. Kb3 Rb5+ 52. Kc2 Ra5 53. Kb3 Nd3 54. Rd2 Nc5+ 55. Kb2 Ne4 56. Rd4 Re5
57. Nf3 Re6 1/2-1/2